Guess the Sabrina Carpenter song 2 - Statistics

General Stats
  • This quiz has been taken 61 times
  • The average score is 160 of 368
Answer Stats
Answer % Correct
I
97%
a
84%
me
78%
you
78%
the
73%
an
68%
And
68%
and
68%
He
65%
he
65%
it
59%
to
59%
my
57%
so
57%
We
57%
we
57%
Don't
54%
in
54%
then
54%
why
54%
I'm
51%
of
51%
can't
49%
like
49%
that
49%
could
46%
on
46%
have
43%
hear
43%
say
43%
were
43%
not
41%
see
41%
want
41%
with
41%
But
38%
him
38%
how
38%
his
35%
If
35%
if
35%
never
35%
Now
35%
that's
35%
tornado
35%
warnings
35%
lying
32%
our
32%
should
32%
there
32%
think
32%
baby
30%
back
30%
dark
30%
kissed
30%
myself
30%
saw
30%
saying
30%
some
30%
therapist
30%
feelings
27%
From
27%
he's
27%
hold
27%
I'll
27%
keep
27%
left
27%
maybe
27%
mind
27%
out
27%
over
27%
park
27%
Talking
27%
thing
27%
things
27%
arms
24%
didn't
24%
every
24%
get
24%
I'd
24%
last
24%
Right
24%
see-saw
24%
son
24%
wish
24%
without
24%
arc
22%
bitch
22%
convince
22%
doesn't
22%
guess
22%
Ignoring
22%
missing
22%
pages
22%
quickly
22%
relationship
22%
rhythm
22%
sometimes
22%
speak
22%
time
22%
understand
22%
week
22%
basement
19%
exist
19%
hour
19%
logically
19%
somehow
19%
step
19%
still
19%
stumble
19%
teetering
19%
thoughts
19%
yours
19%
consideration
16%
deserve
16%
focus
16%
gonna
16%
kept
16%
obsessed
16%
own
16%
stop
16%
call
14%
crazy
14%
drive
14%
home
14%
onto
14%
No matching quizzes found
Score Distribution
Percent of People with Each Score
Percentile by Number Answered
Your Score History
You have not taken this quiz